Devinez la Capitale Mystère #7 - Statistiques

Statistiques générales
  • Ce quiz a été pris 335 fois
  • Le résultat moyen est 28 sur 34
Statistiques - réponses
Type de Réponse Réponse % Correct
Lettre Bien Placée A
100%
Lettre Trouvée A
100%
Lettre Trouvée I
100%
Lettre Trouvée N
99%
Lettre de l'Alphabet R
99%
Lettre de l'Alphabet E
98%
Lettre de l'Alphabet O
98%
Lettre de l'Alphabet S
98%
Lettre de l'Alphabet L
97%
Lettre de l'Alphabet P
97%
Lettre de l'Alphabet B
96%
Lettre de l'Alphabet M
95%
Lettre Trouvée T
94%
Lettre de l'Alphabet D
93%
Lettre Bien Placée I
92%
Lettre de l'Alphabet G
89%
Lettre de l'Alphabet H
87%
Lettre de l'Alphabet U
86%
Lettre de l'Alphabet K
85%
Lettre Trouvée C
84%
Lettre de l'Alphabet W
83%
Lettre Bien Placée A
77%
Lettre de l'Alphabet Y
71%
Lettre de l'Alphabet J
68%
Lettre Bien Placée N
65%
Lettre de l'Alphabet X
64%
Lettre Trouvée V
63%
Lettre Bien Placée C
60%
Lettre de l'Alphabet F
57%
Lettre Bien Placée T
57%
Lettre de l'Alphabet Z
56%
Lettre Bien Placée V
55%
Lettre de l'Alphabet Q
54%
Capitale Mystère Vatican
51%
Aucun quiz correspondant
Distribution des résultats
% des personnes avec chaque résultat
Percentile par nombre de réponses
Votre historique - résultats
Vous n’avez pas pris ce quiz